000 01061nam a2200241 a 4500
999 _c5807
_d5807
001 5807
003 BD-JhCC
005 20171221190751.0
008 171221s2014 bg a|||| || | 000 0 ben d
035 _a(BD-JhCC)5807
040 _aBD-JhCC
_dBD-JhCC
041 _aeng
082 _a320
_bBHU 2014
100 _aভূঁইয়া, মোহাম্মদ আব্দুল ওদুদ
245 _aপৌরনীতি ও সুশাসন দ্বিতীয় পত্র একাদশ-দ্বাদশ শ্রেণি /
_cমোহাম্মদ আব্দুল ওদুদ ভূঁইয়া, কানিজ তাহমিনা, বদর উদ্দিন আহাম্মদ
260 _aঢাকা :
_bঅক্ষরপত্র প্রকাশনী,
_c2014.
300 _a271 p. :
_c24 cm.
650 _aPolitical Science
_xStuday and Teaching
700 _aতাহমিনা, কানিজ
700 _aআহাম্মদ, বদর উদ্দিন
942 _2ddc
_cBK